000 00479nam a2200145Ia 4500
008 100122s9999 xx 000 0 und d
082 _b3581
_a823.08
100 _aसरदेसाई लक्ष्मणराव
245 _aवादळांतील नौका
260 _bप्रकाशक शोधणे
_c1924
300 _a70
630 _aवादळांतील नौका
730 _aवादळांतील नौका
942 _cBOOK
999 _c397556
_d397553